Catalog

Record Details

Catalog Search



ABA pro děti s autismem : otázky a odpovědi  Cover Image Book Book

ABA pro děti s autismem : otázky a odpovědi / Elle Olivia Johnson ; z anglického originálu The parent's guide to in-home ABA programs přeložila Petra Diestlerová

Record details

  • ISBN: 978-80-262-1628-5
  • Physical Description: 95 stran ; 21 cm
  • Edition: Vydání první
  • Publisher: Praha : Portál, 2020

Content descriptions

Bibliography, etc. Note:
Obsahuje bibliografii
Subject: děti s autismem
domácí péče
sociální chování
aplikovaná behaviorální analýza
Genre: příručky

Available copies

  • 4 of 4 copies available at Common Catalog SPOK.

Holds

  • 0 current holds with 4 total copies.
Show Only Available Copies
Location Call Number / Copy Notes Barcode Shelving Location Status Due Date
Jabok Library PeS-5.6 424480043230 Odborná literatura Available -
Jabok Library PeS-5.6/J 424480043534 Odborná literatura Available -
Jabok Library PeS-5.6/J 424480043542 Odborná literatura Available -
Jabok Library PeS-5.6/J 424480043567 Odborná literatura Available -

LDR 02201nam a2200613 i 4500
00147512
003CZ-PrJAB
00520210105095822.0
008201127s2020 xr ||| | cze
020 . ‡a978-80-262-1628-5 ‡q(brožováno)
035 . ‡a(CZ PrSKC)016020003729415
040 . ‡aULG001 ‡bcze ‡erda
0411 . ‡acze ‡heng
072 7. ‡a364-1/-7 ‡xDruhy sociální pomoci a služeb ‡2Konspekt ‡918
080 . ‡a316.344.6-056.36-053.2 ‡2MRF
080 . ‡a364.69-783.44 ‡2MRF
080 . ‡a316.62 ‡2MRF
080 . ‡a(035) ‡2MRF
1001 . ‡aJohnson, Elle Olivia ‡7xx0254545 ‡4aut
24010. ‡aParent's guide to in-home ABA programs. ‡lČesky
24510. ‡aABA pro děti s autismem : ‡botázky a odpovědi / ‡cElle Olivia Johnson ; z anglického originálu The parent's guide to in-home ABA programs přeložila Petra Diestlerová
250 . ‡aVydání první
264 1. ‡aPraha : ‡bPortál, ‡c2020
300 . ‡a95 stran ; ‡c21 cm
336 . ‡atext ‡btxt ‡2rdacontent
337 . ‡abez média ‡bn ‡2rdamedia
338 . ‡asvazek ‡bnc ‡2rdacarrier
504 . ‡aObsahuje bibliografii
65007. ‡aděti s autismem ‡7ph114095 ‡2czenas
65007. ‡adomácí péče ‡7ph201876 ‡2czenas
65007. ‡asociální chování ‡7ph125776 ‡2czenas
65004. ‡aaplikovaná behaviorální analýza
655 7. ‡apříručky ‡7fd133209 ‡2czenas
7001 . ‡aDiestlerová, Petra, ‡d1972- ‡7xx0029435 ‡4trl
910 . ‡aABG312
995 . ‡aska
901 . ‡a47512 ‡bCZ-PrJAB ‡c47512 ‡tbiblio

Additional Resources